000 00339 a2200157 4500
001 72736
020 _a9788508145621
040 _cAnchieta - Colégio São Paulo
100 _aAzevedo, Aluísio
240 1 0 _aO cortiço
_lpor
245 1 0 _aO cortiço
300 _a248
362 0 _a2014
650 4 _aFicção brasileira
942 _cBK
999 _c72736
_d72736